[Event "9th Sharjah Cup Women 2018"]
[Site "Sharjah"]
[Date "2018.12.15"]
[Round "2"]
[White "Bauyrzhan, Arnash"]
[Black "Szczepkowska, Karina"]
[Result "0-1"]
[WhiteElo "1978"]
[BlackElo "2408"]
[Annotator "ChessBase"]
[PlyCount "112"]
[EventDate "2018.12.14"]
[EventType "swiss"]
[EventCountry "UAE"]
[SourceTitle "playchess.com"]
[Source "ChessBase"]
[SourceQuality "1"]
[TimeControl "5400+30"]

1. e4 {[%emt 0:00:00]} e5 {[%emt 0:00:00]} 2. Nf3 {[%emt 0:00:00]} Nc6 {[%emt 0:00:00]} 3. Bc4 {[%emt 0:00:34]} Nf6 {[%emt 0:00:00]} 4. d3 {[%emt 0:00:16]} Be7 {[%emt 0:00:00]} 5. O-O {[%emt 0:00:38]} O-O {[%emt 0:00:13]} 6. Re1 {[%emt 0:01:59]} d6 {[%emt 0:00:51]} 7. a4 {[%emt 0:02:18]} Na5 {[%emt 0:02:42]} 8. Ba2 {[%emt 0:00:22]} c5 {[%emt 0:00:07]} 9. Na3 {[%emt 0:04:08]} Nc6 {[%emt 0:06:12]} 10. c3 {[%emt 0:01:04]} h6 {[%emt 0:04:01]} 11. Nc2 {[%emt 0:04:16]} Be6 {[%emt 0:03:31]} 12. Bxe6 {[%emt 0:24:46]} fxe6 {[%emt 0:00:26]} 13. b4 {[%emt 0:00:54]} Nd7 {[%emt 0:08:44]} 14. Be3 {[%emt 0:09:06]} Qe8 {[%emt 0:04:21]} 15. bxc5 {[%emt 0:08:55]} dxc5 {[%emt 0:03:15]} 16. Na3 {[%emt 0:06:44]} Na5 {[%emt 0:07:24]} 17. Nd2 {[%emt 0:01:04]} Qg6 {[%emt 0:07:23]} 18. Nac4 {[%emt 0:03:32]} Nc6 {[%emt 0:00:18]} 19. Qb3 {[%emt 0:02:32]} Rab8 {[%emt 0:00:15]} 20. Reb1 {[%emt 0:04:42]} Kh8 {[%emt 0:04:57]} 21. Qd1 {[%emt 0:00:36]} b6 {[%emt 0:02:41]} 22. Ra2 {[%emt 0:03:45]} Bd8 {[%emt 0:01:02]} 23. Rab2 {[%emt 0:01:37]} a6 {[%emt 0:04:21]} 24. Nf3 {[%emt 0:01:53]} Bc7 {[%emt 0:03:06]} 25. Nh4 {[%emt 0:01:19]} Qf7 {[%emt 0:00:47]} 26. Qg4 {[%emt 0:04:16]} Kh7 {[%emt 0:01:50]} 27. Qh3 {[%emt 0:03:55]} Qf6 {[%emt 0:07:02]} 28. Nf3 {[%emt 0:02:06]} Kg8 {[%emt 0:00:30]} 29. Qg3 {[%emt 0:00:51]} Rb7 {[%emt 0:01:59]} 30. h3 {[%emt 0:02:57]} Rfb8 {[%emt 0:01:38]} 31. Nh2 {[%emt 0:00:47]} Kh7 {[%emt 0:02:14]} 32. Ng4 {[%emt 0:01:37]} Qg6 {[%emt 0:01:00]} 33. Na3 {[%emt 0:00:26]} Na7 {[%emt 0:02:42]} 34. Nh2 {[%emt 0:01:36]} Qxg3 {[%emt 0:06:29]} 35. fxg3 {[%emt 0:00:02]} b5 {[%emt 0:00:10]} 36. axb5 {[%emt 0:00:07]} axb5 {[%emt 0:00:09]} 37. Nf3 {[%emt 0:01:50]} Kg8 {[%emt 0:06:39]} 38. Kf2 {[%emt 0:00:44]} Kf7 {[%emt 0:00:45]} 39. Ke2 {[%emt 0:00:07]} Ke7 {[%emt 0:01:10]} 40. g4 {[%emt 0:00:45]} Kd6 {[%emt 0:02:49]} 41. g5 {[%emt 0:00:30]} h5 {[%emt 0:00:37]} 42. Bf2 {[%emt 0:00:19]} Kc6 {[%emt 0:01:01]} 43. Bg3 {[%emt 0:00:38]} Rb6 {[%emt 0:01:57]} 44. Nc2 {[%emt 0:00:38]} Ra6 {[%emt 0:00:56]} 45. Ra1 {[%emt 0:00:23]} Rxa1 {[%emt 0:00:48]} 46. Nxa1 {[%emt 0:00:01]} Nc8 {[%emt 0:00:28]} 47. Nc2 {[%emt 0:00:25]} Ra8 {[%emt 0:00:43]} 48. Kd2 {[%emt 0:00:32]} Ncb6 {[%emt 0:00:31]} 49. Ne3 {[%emt 0:01:16]} Ra3 {[%emt 0:00:44]} 50. Kc2 {[%emt 0:00:37]} Na4 {[%emt 0:00:34]} 51. Rb3 {[%emt 0:00:17]} Ra2+ {[%emt 0:00:26]} 52. Kd1 {[%emt 0:00:47]} Nb2+ {[%emt 0:00:35]} 53. Kc1 {[%emt 0:00:02]} Nxd3+ {[%emt 0:00:09]} 54. Kd1 {[%emt 0:00:18]} c4 {[%emt 0:00:50]} 55. Rb1 {[%emt 0:00:07]} N7c5 {[%emt 0:00:09]} 56. Nd2 {[%emt 0:01:20]} Na4 {[%emt 0:00:11]} 0-1

[Event "9th Sharjah Cup Women 2018"]
[Site "Sharjah"]
[Date "2018.12.15"]
[Round "2"]
[White "Greibrokk, Ingrid"]
[Black "Bulmaga, Irina"]
[Result "1/2-1/2"]
[WhiteElo "1857"]
[BlackElo "2391"]
[Annotator "TA"]
[PlyCount "117"]
[EventDate "2018.12.14"]
[EventType "swiss"]
[EventCountry "UAE"]
[SourceTitle "playchess.com"]
[Source "ChessBase"]
[SourceQuality "1"]

{[%evp 17,117,19,25,16,14,4,10,17,29,23,35,29,60,22,20,-14,0,-10,-13,-16,98,110,180,92,76,99,189,13,17,31,25,29,25,23,35,0,0,0,0,0,23,34,52,0,0,-35,34,10,10,0,153,147,131,67,128,83,90,74,89,20,87,93,153,66,162,166,164,160,147,154,155,160,160,113,95,14,9,6,8,9,30,0,0,0,0,0,0,0,0,0,0,0,0,0,0,0,0,0,0,0,0,0]} 1. c4 e5 2. Nc3 Nf6 3. g3 Nc6 4. Bg2 Bc5 5. e3 d5 6. cxd5 Nb4 {A25: English Opening vs King's Indian with ...Nc6 but without early d3} 7. d4 (7. Nf3 Nd3+ 8. Ke2 Nxd5 9. Qa4+ Bd7 10. Qe4 N5b4 11. a3 Bc6 12. Qc4 b5 13. Qg4 Nc2 14. Qxg7 {0-1 (74) Morozevich,A (2734)-Laznicka,V (2666) Rhodes 2013}) 7... exd4 8. exd4 Be7 9. Nge2 Nbxd5 {LiveBook: 12 Games} 10. Qb3 {[%cal Rc3d5]} Nb6 11. d5 O-O 12. O-O Bg4 $146 ({Predecessor:} 12... Re8 13. h3 Bf5 14. Be3 {0-1 (87) Stella,A (2439)-Ponkratov,P (2607) Plovdiv 2012}) 13. Nf4 Bd6 14. h3 Bf5 15. Re1 h6 16. Bd2 a6 17. Rad1 Nbd7 18. Be3 (18. Qxb7 $2 Nc5 $17) 18... Ne5 (18... Re8 $11 {keeps the balance.}) 19. Bd4 $16 ({Stronger than} 19. Qxb7 Qd7 $17) 19... Re8 {[#]} (19... Ng6 $16) 20. Qxb7 (20. Ne6 $1 $18 {[%cal Re6d8][%mdl 512]} fxe6 (20... Bxe6 21. dxe6) 21. Bxe5) 20... Rb8 21. Qxa6 Qd7 (21... Rxb2 $16 22. a4 Qb8) 22. Qa4 $2 (22. Re3 $18) 22... Qxa4 $11 23. Nxa4 Bc2 24. b3 {Black must now prevent Rc1.} Bxd1 25. Rxd1 g5 26. Nd3 Nxd3 27. Bxf6 Ne5 28. Nc3 Nd7 29. Bd4 Re7 30. Ne4 (30. Bf3 $14) 30... Rbe8 31. f3 Be5 (31... f5 $1 $15 32. Nxd6 cxd6) 32. Bxe5 $14 Rxe5 33. d6 {[%cal Bd5d6,Bd6d7][%mdl 32]} c5 $2 (33... c6 $11) 34. Bf1 $16 f5 {[#]} 35. Nc3 ({Better is} 35. Bb5 $1 $16) 35... Nf6 (35... Re1 $14) 36. d7 Rd8 37. Bb5 Kf8 38. f4 (38. Kf2 $16) 38... gxf4 (38... Re3 $11 39. Ne2 Ke7) 39. gxf4 Re6 (39... Re3 $142 40. Rd6 Ne4 41. Nxe4 (41. Rxh6 Rg3+ 42. Kh2 Nxc3 $11) 41... Rxe4) 40. a4 (40. Kf2 $16) 40... Ne4 ({Black should try} 40... Re3 $1 $14 41. Rd6 Rxc3 42. Rxf6+ {[%mdl 64] Double Attack} Ke7 43. Rxf5 Rxb3) 41. Nxe4 $18 Rxe4 {[%mdl 4096] Endgame KRR-KRB} 42. Rd5 Ke7 43. Rxf5 Ke6 44. Rxc5 {aiming for f5+.} Rxf4 45. Rc6+ Ke7 46. Rxh6 (46. Rc3 $16) 46... Rg8+ $11 47. Kh1 Rd4 48. Rh7+ Kd8 49. Rh5 Rd1+ {The position is equal.} 50. Kh2 Rd2+ 51. Kh1 Rd1+ 52. Kh2 Rdg1 {[%csl Gg1][%cal Rg8g2]} 53. h4 R1g2+ 54. Kh1 Rg1+ 55. Kh2 R8g2+ 56. Kh3 Rg3+ 57. Kh2 {Threatens to win with Bc6.} R3g2+ 58. Kh3 {Rh8+ is the strong threat.} Rg8 {[%cal Rg1h1]} 59. Kh2 {Accuracy: White = 37%, Black = 50%.} 1/2-1/2

[Event "9th Sharjah Cup Women 2018"]
[Site "Sharjah"]
[Date "2018.12.15"]
[Round "2"]
[White "Al Maamari, Wafia Darwish"]
[Black "Gevorgyan, Irina"]
[Result "0-1"]
[WhiteElo "1829"]
[BlackElo "2301"]
[Annotator "ChessBase"]
[PlyCount "64"]
[EventDate "2018.12.14"]
[EventType "swiss"]
[EventCountry "UAE"]
[SourceTitle "playchess.com"]
[Source "ChessBase"]
[SourceQuality "1"]
[TimeControl "5400+30"]

1. d4 {[%emt 0:00:00]} d5 {[%emt 0:00:00]} 2. Bf4 {[%emt 0:00:00]} c6 {[%emt 0:01:40]} 3. c3 {[%emt 0:00:47]} Nf6 {[%emt 0:00:19]} 4. e3 {[%emt 0:00:29]} Bf5 {[%emt 0:01:07]} 5. Nd2 {[%emt 0:01:08]} Nbd7 {[%emt 0:01:09]} 6. Be2 {[%emt 0:02:46]} g6 {[%emt 0:05:47]} 7. g4 {[%emt 0:07:05]} Be6 {[%emt 0:00:09]} 8. h3 {[%emt 0:11:40]} h5 {[%emt 0:02:25]} 9. g5 {[%emt 0:02:53]} Ne4 {[%emt 0:00:21]} 10. Nxe4 {[%emt 0:01:14]} dxe4 {[%emt 0:00:13]} 11. f3 {[%emt 0:01:20]} Bf5 {[%emt 0:03:13]} 12. h4 {[%emt 0:06:38]} Bg7 {[%emt 0:00:43]} 13. Nh3 {[%emt 0:03:07]} e5 {[%emt 0:08:58]} 14. Bg3 {[%emt 0:04:29]} exd4 {[%emt 0:03:16]} 15. exd4 {[%emt 0:01:28]} Qe7 {[%emt 0:05:30]} 16. Kf2 {[%emt 0:02:23]} O-O {[%emt 0:02:38]} 17. fxe4 {[%emt 0:01:34]} Bxh3 {[%emt 0:16:02]} 18. Rxh3 {[%emt 0:00:58]} Qxe4 {[%emt 0:00:08]} 19. Bd3 {[%emt 0:02:13]} Qe6 {[%emt 0:00:25]} 20. Rh1 {[%emt 0:00:46]} c5 {[%emt 0:01:09]} 21. dxc5 {[%emt 0:06:05]} Nxc5 {[%emt 0:00:45]} 22. Qc2 {[%emt 0:07:23]} Rad8 {[%emt 0:01:14]} 23. Rhd1 {[%emt 0:02:28]} Rfe8 {[%emt 0:10:24]} 24. Bb5 {[%emt 0:03:31]} Ne4+ {[%emt 0:05:55]} 25. Kg2 {[%emt 0:00:37]} Qg4 {[%emt 0:00:22]} 26. Bxe8 {[%emt 0:05:12]} Qxg3+ {[%emt 0:00:12]} 27. Kf1 {[%emt 0:00:08]} Rxe8 {[%emt 0:01:40]} 28. Re1 {[%emt 0:01:06]} Qf3+ {[%emt 0:00:34]} 29. Kg1 {[%emt 0:00:07]} Bf8 {[%emt 0:00:28]} 30. b4 {[%emt 0:00:51]} Bg7 {[%emt 0:03:29]} 31. Rad1 {[%emt 0:00:40]} Bxc3 {[%emt 0:03:04]} 32. Rd3 {[%emt 0:00:27]} Qg4+ {[%emt 0:00:07]} 0-1

[Event "9th Sharjah Cup Women 2018"]
[Site "Sharjah"]
[Date "2018.12.15"]
[Round "2"]
[White "Al Ghafri, Wafia"]
[Black "Gu, Xiaobing"]
[Result "0-1"]
[WhiteElo "1675"]
[BlackElo "2295"]
[Annotator "NA"]
[PlyCount "72"]
[EventDate "2018.12.14"]
[EventType "swiss"]
[EventCountry "UAE"]
[SourceTitle "playchess.com"]
[Source "ChessBase"]
[SourceQuality "1"]
[TimeControl "5400+30"]

{[%evp 8,65,37,24,38,29,32767,41,44,0,36,5,20,-44,32767,-75,-71,-86,-106,-101,-14,-20,69,-74,-59,-73,32767,-82,-38,-146,-113,-140,-143,-152,-141,-149,-79,-86,-79,-80,-79,-113,32767,-111,-65,-833,-887,-845,-887,-854,-835,32767,32767,-1487,32767,-29994,32767,32767,32767,-29996]} 1. d4 {[%emt 0:00:00]} Nf6 {[%emt 0:00:00]} 2. Nf3 {[%emt 0:00:00]} g6 {[%emt 0:00:05]} 3. g3 {[%emt 0:00:07]} Bg7 {[%emt 0:00:04]} 4. Bg2 {[%emt 0:00:21]} d6 {[%emt 0:00:23]} 5. O-O {[%emt 0:00:46]} O-O {[%emt 0:00:06]} 6. c4 {[%emt 0:03:31]} Nc6 {[%emt 0:00:10]} 7. Nc3 {[%emt 0:03:04]} Rb8 {[%emt 0:00:15]} 8. e3 {[%emt 0:08:50]} a6 {[%emt 0:00:27]} 9. b3 {[%emt 0:03:22]} b5 {[%emt 0:00:38] LiveBook: 77 Games E63: King's Indian: Fianchetto: Panno Variation with 7...a6} 10. a3 $146 {[%emt 0:12:15]} ({Predecessor:} 10. Qe2 Bd7 11. Bb2 Na5 12. Nd2 Bg4 13. f3 Bd7 14. Rfd1 Re8 15. Rac1 bxc4 16. Nxc4 c6 17. e4 Bh6 18. Ne3 {½-½ (35) Ghaem Maghami,E (2523)-Jones,G (2675) Dubai 2018}) 10... bxc4 {[%emt 0:07:49]} 11. bxc4 {[%emt 0:04:33]} Na5 {[%emt 0:00:03]} 12. Qd3 {[%emt 0:01:59]} c5 {[%emt 0:02:25]} 13. Bd2 {[%emt 0:13:35]} cxd4 {[%emt 0:04:17]} (13... Bf5 $17 14. e4 Bg4) 14. Nxd4 {[%emt 0:03:18]} Nd7 {[%emt 0:01:54]} (14... Bd7 $15) 15. Rab1 $2 {[%emt 0:06:50]} (15. Nd5 $16 {is forced if you want to stay better.} Ne5 16. Bxa5 Qxa5 17. Nxe7+ Kh8 18. Nec6) 15... Ne5 {[%emt 0:01:16]} 16. Qe2 {[%emt 0:07:43]} Rxb1 {[%emt 0:01:33]} 17. Rxb1 {[%emt 0:00:30]} Nexc4 {[%emt 0:00:35]} 18. Nc2 {[%emt 0:06:37]} (18. Nd5 $15) 18... Bf5 {[%emt 0:04:11]} 19. e4 {[%emt 0:02:01] [#]} Bg4 $1 {[%emt 0:00:10]} 20. f3 {[%emt 0:01:26]} Be6 {[%emt 0:01:03]} 21. Be1 {[%emt 0:01:46]} Qc7 {[%emt 0:01:33]} (21... Bd7 $142 22. Rb4 Qa8) 22. Nd5 {[%emt 0:03:52]} Bxd5 {[%emt 0:00:20]} 23. exd5 {[%emt 0:00:27]} Qc5+ {[%emt 0:02:16]} 24. Bf2 {[%emt 0:01:36]} Qxd5 {[%emt 0:00:38]} 25. Qxe7 {[%emt 0:01:19]} Qd3 {[%emt 0:03:48]} (25... Qd2 $17 26. Ne3 Bd4) 26. Nb4 $2 {[%emt 0:02:38]} (26. Qe4 $17 Qxe4 27. fxe4) 26... Qxb1+ {[%emt 0:00:22]} 27. Qe1 {[%emt 0:01:00]} Qxe1+ {[%emt 0:00:08]} 28. Bxe1 {[%emt 0:00:14]} Re8 {[%emt 0:00:09]} 29. Kf2 {[%emt 0:00:32]} Bd4+ {[%emt 0:00:11]} 30. Kf1 {[%emt 0:00:20]} Ne3+ {[%emt 0:00:05]} 31. Kg1 {[%emt 0:00:26]} Ng4+ {[%emt 0:00:42]} 32. Kh1 {[%emt 0:00:58]} Rxe1+ {[%emt 0:00:06]} 33. Bf1 {[%emt 0:00:20]} Rxf1+ {[%emt 0:00:16]} 34. Kg2 {[%emt 0:00:10]} Rg1+ {[%emt 0:00:02]} 35. Kh3 {[%emt 0:00:11]} Nf2+ {[%emt 0:00:17]} 36. Kh4 {[%emt 0:00:19]} Bf6# {[%emt 0:00:02]} 0-1

[Event "9th Sharjah Cup Women 2018"]
[Site "Sharjah"]
[Date "2018.12.15"]
[Round "2"]
[White "Choksi, Khushi"]
[Black "Nguyen, Thi Mai Hung"]
[Result "0-1"]
[WhiteElo "1589"]
[BlackElo "2280"]
[Annotator "NA"]
[PlyCount "76"]
[EventDate "2018.12.14"]
[EventType "swiss"]
[EventCountry "UAE"]
[SourceTitle "playchess.com"]
[Source "ChessBase"]
[SourceQuality "1"]
[TimeControl "5400+30"]

{[%evp 9,70,1,11,12,2,32767,32767,32767,32767,-1,32767,-22,-30,-35,-38,-28,-31,-35,0,-9,-9,-26,-31,-65,-33,-180,-166,-172,-150,32767,32767,32767,-233,-220,-209,-203,-212,-264,-198,-223,-230,-222,-204,-313,-311,-397,-354,32767,-403,-373,32767,32767,32767,32767,32767,32767,32767,32767,32767,32767,32767,32767,-922]} 1. d4 {[%emt 0:00:00]} d5 {[%emt 0:00:06]} 2. Nf3 {[%emt 0:00:00]} Nf6 {[%emt 0:01:56]} 3. e3 {[%emt 0:00:05]} Bg4 {[%emt 0:00:51]} 4. c4 {[%emt 0:01:26]} e6 {[%emt 0:00:45]} 5. a3 {[%emt 0:04:08] D04: Colle System} c6 {[%emt 0:02:38]} 6. Nbd2 {[%emt 0:01:26]} (6. Nc3 Nbd7 7. h3 Bh5 8. g4 Bg6 9. Nh4 Bd6 10. Nxg6 hxg6 11. g5 Nh5 12. Rg1 dxc4 13. Bxc4 Nb6 14. Bb3 e5 {1-0 (25) Tabatabaei,M (2566)-Sibashvili,G (2412) Teheran 2017}) 6... Nbd7 {[%emt 0:00:29]} 7. h3 {[%emt 0:10:48]} Bh5 {[%emt 0:00:35]} 8. Be2 {[%emt 0:00:10]} Bd6 {[%emt 0:00:50]} 9. O-O {[%emt 0:02:48]} Ne4 $146 {[%emt 0:08:56]} ({Predecessor:} 9... Rc8 10. b3 Bb8 11. Bb2 Ne4 12. Ne5 Bxe2 13. Qxe2 Nxd2 14. Qxd2 {½-½ (39) Marton,G (2075)-Varga,T (2090) Hungary 2011}) 10. cxd5 {[%emt 0:12:53]} exd5 {[%emt 0:01:47]} 11. Nxe4 {[%emt 0:05:41]} dxe4 {[%emt 0:00:11]} 12. Nd2 {[%emt 0:00:04]} Bxe2 {[%emt 0:10:33]} 13. Qxe2 {[%emt 0:00:16]} f5 {[%emt 0:06:10]} 14. Nc4 {[%emt 0:08:06]} Bc7 {[%emt 0:01:02]} 15. Qh5+ {[%emt 0:07:59]} g6 {[%emt 0:00:57]} 16. Qh6 {[%emt 0:00:56]} Qe7 {[%emt 0:03:38]} 17. f4 {[%emt 0:03:15]} (17. Bd2 $15) 17... exf3 $1 {[%emt 0:06:18]} 18. Rxf3 {[%emt 0:00:23]} O-O-O {[%emt 0:06:18]} 19. b4 {[%emt 0:07:49]} Nf6 {[%emt 0:08:09]} 20. Qh4 {[%emt 0:03:10]} Qe6 {[%emt 0:07:29]} 21. Nd2 {[%emt 0:04:32]} Rhe8 {[%emt 0:04:54]} 22. Bb2 {[%emt 0:02:24]} Qd6 {[%emt 0:02:29]} 23. Nf1 {[%emt 0:02:08]} Re4 {[%emt 0:01:55]} 24. Qg3 {[%emt 0:01:12]} Qe6 {[%emt 0:01:36]} 25. Qf2 {[%emt 0:00:52]} Nd5 {[%emt 0:00:47]} 26. Re1 {[%emt 0:01:47] [#]} (26. Nd2 $142 Rxe3 27. Rxe3 Qxe3 28. Qxe3 Nxe3 29. Rc1) 26... f4 $1 {[%emt 0:01:21]} 27. Qd2 {[%emt 0:04:49]} Re8 {[%emt 0:00:32]} 28. Bc1 {[%emt 0:03:41]} g5 {[%emt 0:03:04]} 29. Qd3 {[%emt 0:03:59]} h5 {[%emt 0:00:29]} 30. Rf2 {[%emt 0:02:49]} g4 {[%emt 0:03:48]} 31. hxg4 {[%emt 0:01:46]} hxg4 {[%emt 0:00:23]} 32. Rfe2 {[%emt 0:01:41]} g3 {[%emt 0:06:22]} 33. Nd2 {[%emt 0:01:13]} Rxe3 {[%emt 0:00:22]} 34. Rxe3 {[%emt 0:00:17]} fxe3 {[%emt 0:00:07]} 35. Nf1 {[%emt 0:01:05]} Bf4 $19 {[%emt 0:01:22]} (35... Qf6 $142 36. Bxe3 Nxe3) 36. Qe2 {[%emt 0:02:34]} Rh8 {[%emt 0:00:56]} 37. Bxe3 {[%emt 0:00:34]} Bxe3+ {[%emt 0:00:51]} 38. Nxe3 {[%emt 0:00:13]} Rh1+ {[%emt 0:00:07]} 0-1

[Event "9th Sharjah Cup Women 2018"]
[Site "Sharjah"]
[Date "2018.12.15"]
[Round "2"]
[White "Amal Fadel S M Alshamsi"]
[Black "Enkhtuul, Altan-Ulzii"]
[Result "0-1"]
[WhiteElo "1520"]
[BlackElo "2267"]
[Annotator "ChessBase"]
[PlyCount "94"]
[EventDate "2018.12.14"]
[EventType "swiss"]
[EventCountry "UAE"]
[SourceTitle "playchess.com"]
[Source "ChessBase"]
[SourceQuality "1"]
[TimeControl "5400+30"]

1. e4 {[%emt 0:00:00]} d5 {[%emt 0:00:00]} 2. exd5 {[%emt 0:00:00]} Nf6 {[%emt 0:00:00]} 3. d4 {[%emt 0:02:41]} Nxd5 {[%emt 0:00:00]} 4. c4 {[%emt 0:03:04]} Nb6 {[%emt 0:00:37]} 5. Nc3 {[%emt 0:01:13]} c6 {[%emt 0:00:15]} 6. Be3 {[%emt 0:07:06]} g6 {[%emt 0:01:07]} 7. Nf3 {[%emt 0:00:58]} Bg4 {[%emt 0:00:16]} 8. h3 {[%emt 0:00:31]} Bxf3 {[%emt 0:00:10]} 9. Qxf3 {[%emt 0:00:10]} Bg7 {[%emt 0:00:03]} 10. Rd1 {[%emt 0:00:49]} O-O {[%emt 0:00:49]} 11. Be2 {[%emt 0:01:32]} Nc8 {[%emt 0:01:45]} 12. O-O {[%emt 0:01:27]} Nd7 {[%emt 0:01:05]} 13. Bf4 {[%emt 0:03:03]} Nd6 {[%emt 0:04:04]} 14. d5 {[%emt 0:09:13]} c5 {[%emt 0:00:36]} 15. a3 {[%emt 0:06:16]} Rc8 {[%emt 0:05:04]} 16. Bxd6 {[%emt 0:05:29]} exd6 {[%emt 0:00:06]} 17. Nb5 {[%emt 0:05:07]} a6 {[%emt 0:01:55]} 18. Nc3 {[%emt 0:04:19]} f5 {[%emt 0:04:28]} 19. Rfe1 {[%emt 0:00:51]} Ne5 {[%emt 0:00:17]} 20. Qf4 {[%emt 0:01:56]} Qd7 {[%emt 0:02:48]} 21. Nb1 {[%emt 0:01:45]} b5 {[%emt 0:03:47]} 22. b3 {[%emt 0:01:29]} bxc4 {[%emt 0:05:28]} 23. bxc4 {[%emt 0:00:35]} Qa4 {[%emt 0:01:44]} 24. Rc1 {[%emt 0:05:29]} Rb8 {[%emt 0:02:21]} 25. Bd1 {[%emt 0:01:57]} Qa5 {[%emt 0:00:12]} 26. Bc2 {[%emt 0:03:42]} Rb2 {[%emt 0:02:29]} 27. Re2 {[%emt 0:07:52]} Nf7 {[%emt 0:03:45]} 28. Qd2 {[%emt 0:01:35]} Qxd2 {[%emt 0:02:23]} 29. Nxd2 {[%emt 0:00:13]} Bh6 {[%emt 0:00:03]} 30. g3 {[%emt 0:02:15]} Bxd2 {[%emt 0:00:16]} 31. Rxd2 {[%emt 0:00:10]} Ne5 {[%emt 0:00:03]} 32. Re2 {[%emt 0:02:44]} Nf3+ {[%emt 0:00:58]} 33. Kg2 {[%emt 0:00:27]} Nd4 {[%emt 0:00:06]} 34. Rd2 {[%emt 0:00:34]} Nb3 {[%emt 0:00:17]} 35. Bxb3 {[%emt 0:00:47]} Rxd2 {[%emt 0:00:06]} 36. Re1 {[%emt 0:00:07]} Rb8 {[%emt 0:03:03]} 37. Re3 {[%emt 0:00:44]} Kf7 {[%emt 0:00:51]} 38. g4 {[%emt 0:00:29]} f4 {[%emt 0:00:10]} 39. Rf3 {[%emt 0:00:24]} g5 {[%emt 0:00:03]} 40. h4 {[%emt 0:00:15]} h6 {[%emt 0:00:17]} 41. hxg5 {[%emt 0:00:07]} hxg5 {[%emt 0:00:05]} 42. Ba4 {[%emt 0:00:35]} Rbb2 {[%emt 0:00:11]} 43. Bb3 {[%emt 0:00:55]} Kf6 {[%emt 0:00:08]} 44. Kf1 {[%emt 0:00:36]} Rb1+ {[%emt 0:00:32]} 45. Kg2 {[%emt 0:00:08]} Ke5 {[%emt 0:00:08]} 46. Rc3 {[%emt 0:00:27]} Kd4 {[%emt 0:00:24]} 47. Bc2 {[%emt 0:00:45]} Rb2 {[%emt 0:00:14]} 0-1

[Event "9th Sharjah Cup Women 2018"]
[Site "Sharjah"]
[Date "2018.12.15"]
[Round "2"]
[White "Al-Shamsi, Ousha"]
[Black "Drljevic, Ljilja"]
[Result "0-1"]
[WhiteElo "1429"]
[BlackElo "2208"]
[Annotator "TA"]
[PlyCount "60"]
[EventDate "2018.12.14"]
[EventType "swiss"]
[EventCountry "UAE"]
[SourceTitle "playchess.com"]
[Source "ChessBase"]
[SourceQuality "1"]

{[%evp 13,60,49,80,20,74,50,76,22,66,66,77,0,0,0,9,0,-8,-287,-286,-272,-273,-335,-323,-321,-327,-333,-304,-379,-379,-415,-406,-422,-412,-476,-509,-564,-577,-723,-713,-666,-406,-829,-793,-789,-731,-685,-678,-657,-650]} 1. e4 g6 2. d4 Bg7 3. Nf3 d6 4. c3 Nf6 5. Bd3 O-O 6. O-O c5 7. Re1 Nc6 {LiveBook: 8 Games. B07: Pirc Defence: Miscellaneous Systems} (7... Bg4 8. Nbd2 Nfd7 9. h3 Bxf3 10. Nxf3 Nc6 11. Be3 a6 12. Qd2 Rc8 13. Rac1 b5 14. b4 Qc7 15. a3 {½-½ (55) Van Foreest,J (2629)-Kokarev,D (2615) Riadh 2017}) 8. Nbd2 (8. d5 $16 Nb8 9. Nbd2) 8... h6 $146 (8... cxd4 $11 {remains equal.} 9. cxd4 a5) ({Predecessor:} 8... Rb8 9. d5 Ne5 10. Nxe5 dxe5 11. Nc4 Ne8 12. f4 e6 13. dxe6 Bxe6 14. Nxe5 Bxe5 15. fxe5 {1-0 (33) Anton,T (2426)-Coca,C (2003) Olanesti 2018}) 9. h3 (9. d5 $5 {[%cal Rd5c6]} Nb8 10. a4 $14) 9... b6 {White is slightly better.} 10. Nf1 (10. d5 $16 Ne5 11. Nxe5 dxe5 12. c4) 10... Qc7 11. Ng3 e5 {[%cal Re5d4]} 12. dxe5 (12. d5 $16 Ne7 13. b3) 12... dxe5 $11 13. Be3 Bb7 14. Qd2 Rad8 {aiming for ...c4!} 15. Rad1 $2 {[%mdl 8192] [#]} (15. Qc2 $11 {and White stays safe.}) 15... c4 $1 $19 {[%mdl 512]} 16. Bxh6 (16. Bxc4 Rxd2) 16... Rxd3 17. Qg5 {intending Bxg7.} Nh7 {[%cal Bf6h7,Bh7f8,Bf8e6,Be6f4][%mdl 32]} 18. Qc1 Rfd8 19. Rxd3 cxd3 20. Bd2 Nf8 21. Qb1 Ne6 22. Re3 Nf4 23. Ne1 Ba6 24. Nf1 Na5 25. Rf3 Nc4 26. Bxf4 exf4 27. Nxd3 (27. Rxd3 $142 Re8 28. Rd1) 27... Ne5 {Black is clearly winning.} 28. Nxe5 Qxe5 29. Qe1 Bxf1 {[%mdl 64] [#] Overworked Piece} 30. Qxf1 Qxe4 {Accuracy: White = 25%, Black = 72%.} 0-1